Central Library OPAC University of Rajshahi
Normal view MARC view

Entry Topical Term

Number of records used in: 3

001 - CONTROL NUMBER

  • control field: 17287

003 - CONTROL NUMBER IDENTIFIER

  • control field: BD-RjUL

005 - DATE AND TIME OF LATEST TRANSACTION

  • control field: 20251104153334.0

008 - FIXED-LENGTH DATA ELEMENTS

  • fixed length control field: 251104|| aca||aabn | a|a d

040 ## - CATALOGING SOURCE

  • Original cataloging agency: BD-RjUL
  • Transcribing agency: BD-RjUL

150 ## - HEADING--TOPICAL TERM

  • Topical term or geographic name entry element: সামরিক বিদ্যা

670 ## - SOURCE DATA FOUND

  • Source citation: Work cat.: (BD-RjUL)85919: সেনশর্মা, প্রিয়দর্শন 17286, প্রতিরক্ষা বিদ্যা / , ১৯৮৪